King Fred the fearless : (Record no. 8967)

MARC details
000 -LEADER
fixed length control field 01102nam a22002657a 4500
001 - CONTROL NUMBER
control field 8967
003 - CONTROL NUMBER IDENTIFIER
control field FISKH
005 - DATE AND TIME OF LATEST TRANSACTION
control field 20251111152450.0
008 - FIXED-LENGTH DATA ELEMENTS--GENERAL INFORMATION
fixed length control field 251111b cb ||||| |||| 00| 0 eng d
040 ## - CATALOGING SOURCE
Original cataloging agency FISKH
Language of cataloging eng
Transcribing agency FISKH
Modifying agency FISKH
050 ## - LIBRARY OF CONGRESS CALL NUMBER
Classification number PZ7
082 ## - DEWEY DECIMAL CLASSIFICATION NUMBER
Classification number 398.2
100 ## - MAIN ENTRY--PERSONAL NAME
Personal name Radloff, Mary
Relator term Author
245 ## - TITLE STATEMENT
Title King Fred the fearless :
Remainder of title Houghton Mifflin reading program /
Statement of responsibility, etc. By Mary Radloff ; Pictures by Victoria Chess
260 ## - PUBLICATION, DISTRIBUTION, ETC.
Place of publication, distribution, etc. Boston :
Name of publisher, distributor, etc. Houghton Mifflin ,
Date of publication, distribution, etc. 1983
300 ## - PHYSICAL DESCRIPTION
Extent 16 pages :
Other physical details color illustrations ;
Dimensions 24 cm
505 ## - FORMATTED CONTENTS NOTE
Formatted contents note G<br/>
520 ## - SUMMARY, ETC.
Summary, etc. King Fred the Fearless is a simple, fun story about a brave king who proves that courage isn’t just about fighting dragons or giants—it’s about staying calm and clever when things go wrong. Through colorful pictures and easy-to-read text, young readers learn that true bravery comes from using your heart and your mind to help others.
521 8# - TARGET AUDIENCE NOTE
Target audience note 350<br/>
Source Lexile estimate<br/>
521 8# - TARGET AUDIENCE NOTE
Target audience note G<br/>
Source Raz-Plus<br/>
650 ## - SUBJECT ADDED ENTRY--TOPICAL TERM
Topical term or geographic name entry element Great king
Form subdivision Fearless
700 ## - ADDED ENTRY--PERSONAL NAME
Personal name Chess, Victoria
Relator term Illustrator
942 ## - ADDED ENTRY ELEMENTS (KOHA)
Source of classification or shelving scheme Dewey Decimal Classification
Koha item type Books
Suppress in OPAC No
Holdings
Withdrawn status Lost status Source of classification or shelving scheme Damaged status Not for loan Home library Current library Shelving location Date acquired Total Checkouts Full call number Barcode Date last seen Date last checked out Copy number Price effective from Koha item type
    Dewey Decimal Classification     Footprints International School Library Network Toul Tom Poung Campus Footprints International School Library Network Toul Tom Poung Campus TTP Primary Green Bookshelves 11/11/2025 1 RAD 398.2 PZ7 FISBK05481 11/21/2025 11/14/2025 1 11/11/2025 Books